000 00946nam a2200325Ia 4500
003 OSt
005 20220912145058.0
006 a|||||r|||| 00| 0
007 ta
008 220909b |||||||| |||| 00| 0 eng d
020 _a9781604569032 (hbd)
024 _a95645
037 _cTextbook
040 _aCSL
_beng
_cCSL
041 _aeng
082 _aH:(E), P9 TH
100 _aAnderson Jarod E Ed.
245 0 _aLithosphere:geochemistry, geology and geophysics
260 _aNew York
_bNova Science Publishers
_c2009
300 _axii, 383p.
_ccm.
500 _aIncludes bibliographical references.; Index 369-383p.
650 _a Earth-crust
650 _a Earth-surface
650 _a Geochemistry
650 _a Structural geology
650 _aGeology
700 _a Coates Robert W Ed.
942 _hH:(E), P9 TH
_cTB
_2CC
999 _c22673
_d22673